| 000 | 00451 a2200169 4500 | ||
|---|---|---|---|
| 003 | OSt | ||
| 005 | 20240127100555.0 | ||
| 008 | 240127b |||||||| |||| 00| 0 eng d | ||
| 040 | _coclc | ||
| 082 |
_a297 _bFAD/H |
||
| 100 |
_aFadila _910317 |
||
| 245 |
_aHijab Mathavum Rashtreeyavum / _cFadila |
||
| 250 | _a2nd ed. | ||
| 260 |
_aCalicut: _bIPB Books, _c2022. |
||
| 300 | _a110p. | ||
| 942 |
_2ddc _cBK _h297 _iFAD/H _k297 _mFAD/H |
||
| 999 |
_c43320 _d43320 |
||